000 00406nam a22001697a 4500
003 MPLRDC
005 20220104142444.0
008 210129b ||||| |||| 00| 0 eng d
082 _a437.77 CWK
100 _a陈文广、梁晓茂编著
245 _a养鸽指南
_c
250 _a一版二刷
260 _a
_b云南人民出版社
_c1984
300 _b
650 _a
942 _cBK
_o437.77 CWK
999 _c31044
_d31034